000 00761nam a2200229Ia 4500
003 OSt
005 20220923212629.0
006 a|||||r|||| 00| 0
007 ta
008 220922b |||||||| |||| 00| 0 hin d
024 _a154,709
037 _cTextual
040 _aARTS
_cARTS
_bhin
041 _2hin
_ahin
082 _aY:351.25264, K4
100 _aबाबुलकर, मोहन लाल
245 0 _aगढ़वाली लोक साहित्य का विवेचनात्मक अध्ययन
246 _aGaढ़vālī lok sāhitya kā vivechanātmak adhyayana
260 _c1964
942 _hY:351.25264, K4
_cTEXL
_2CC
999 _c310331
_d310331